[Event "Znojmo op-A"]
[Site "Znojmo"]
[Date "1997.??.??"]
[Round "?"]
[White "Malijevsky, Alexandr"]
[Black "Tomes, Pavel"]
[Result "1/2-1/2"]
[WhiteElo "1990"]
[BlackElo "1920"]
[PlyCount "74"]
[EventDate "1997.??.??"]
[Source "ChessBase"]
[SourceDate "1997.11.17"]

1. e4 c5 2. Nf3 Nc6 3. d4 cxd4 4. Nxd4 g6 5. Bc4 Bg7 6. Be3 Nf6 7. Nc3 O-O 8.
Bb3 a5 9. a4 Ng4 10. Qxg4 Nxd4 11. Qd1 Nxb3 12. cxb3 d6 13. Qd2 Be6 14. Nd5
Bxd5 15. exd5 Qd7 16. O-O b5 17. Bd4 b4 18. Bxg7 Kxg7 19. Rfc1 Rfc8 20. Rc4 Qf5
21. Qd4+ Kg8 22. Rac1 h5 23. h3 Qd7 24. Rc6 Rxc6 25. dxc6 Qc7 26. g4 h4 27. g5
Ra6 28. Qc4 Rb6 29. Qb5 Rxb5 30. axb5 d5 31. b6 Qf4 32. Rc2 Qxg5+ 33. Kh1 Qf5
34. b7 Qxc2 35. b8=Q+ Kh7 36. c7 Qxf2 37. c8=Q Qf1+ 1/2-1/2

[Event "Znojmo op-A"]
[Site "Znojmo"]
[Date "1997.??.??"]
[Round "?"]
[White "Malijevsky, Alexandr"]
[Black "Tomes, Zdenek"]
[Result "1/2-1/2"]
[WhiteElo "1990"]
[BlackElo "1890"]
[PlyCount "95"]
[EventDate "1997.??.??"]
[Source "ChessBase"]
[SourceDate "1997.11.17"]

1. e4 c5 2. Nf3 d6 3. d4 cxd4 4. Nxd4 Nf6 5. Nc3 g6 6. Bc4 Bg7 7. h3 O-O 8. Bb3
Nc6 9. O-O a6 10. Re1 Qc7 11. Bg5 Nxd4 12. Qxd4 b5 13. Qd2 Bb7 14. Nd5 Nxd5 15.
exd5 Rfe8 16. c3 Rac8 17. a4 Qd7 18. Qd3 b4 19. a5 bxc3 20. Ba4 Qc7 21. Bxe8
Rxe8 22. Rac1 Qxa5 23. bxc3 f6 24. Bf4 Qxd5 25. Qxd5+ Bxd5 26. Bxd6 e5 27. c4
Bc6 28. Rb1 Rc8 29. Rb8 Rxb8 30. Bxb8 a5 31. Rd1 a4 32. Rd6 Be8 33. Ra6 Bf8 34.
Bd6 Bxd6 35. Rxd6 Bf7 36. Rd8+ Kg7 37. c5 a3 38. Ra8 a2 39. Ra7 Kf8 40. Kf1 Ke8
41. Ke1 Kd8 42. Kd2 Kc8 43. Kc3 Kb8 44. Ra3 Kb7 45. Kb4 Kc6 46. h4 f5 47. g3 f4
48. gxf4 1/2-1/2

[Event "Znojmo op-A"]
[Site "Znojmo"]
[Date "1997.??.??"]
[Round "?"]
[White "Martinec, Karel"]
[Black "Balsinek, Pavel"]
[Result "0-1"]
[WhiteElo "1960"]
[BlackElo "1885"]
[PlyCount "72"]
[EventDate "1997.??.??"]
[Source "ChessBase"]
[SourceDate "1997.11.17"]

1. d4 Nf6 2. c4 e6 3. Nc3 c5 4. Nf3 cxd4 5. Nxd4 a6 6. g3 Qc7 7. Qd3 Nc6 8.
Nxc6 bxc6 9. Bg2 Be7 10. O-O O-O 11. e4 d6 12. b3 Rb8 13. Bb2 Rd8 14. Rad1 Bb7
15. Qe2 c5 16. f4 Nd7 17. Rd2 Bf6 18. Rfd1 Bd4+ 19. Kh1 Rbc8 20. Na4 Bxb2 21.
Rxb2 Nb8 22. Qe3 Nc6 23. Nc3 Nd4 24. Ne2 e5 25. f5 f6 26. g4 Qe7 27. h4 h6 28.
Rg1 Bc6 29. Nc3 Rb8 30. Bh3 Kf7 31. Rbg2 Rh8 32. Kh2 a5 33. g5 hxg5 34. hxg5
fxg5 35. Rxg5 Rh7 36. Qg3 Qxg5 0-1

[Event "Znojmo op-A"]
[Site "Znojmo"]
[Date "1997.??.??"]
[Round "?"]
[White "Martinec, Karel"]
[Black "Bilek, Roman"]
[Result "0-1"]
[WhiteElo "1960"]
[BlackElo "1855"]
[PlyCount "90"]
[EventDate "1997.??.??"]
[Source "ChessBase"]
[SourceDate "1997.11.17"]

1. d4 Nf6 2. Nf3 d5 3. c4 e6 4. Nc3 Be7 5. Bg5 O-O 6. e3 Nbd7 7. Bd3 h6 8. Bh4
c6 9. O-O dxc4 10. Bxc4 b5 11. Bd3 a6 12. Rc1 Bb7 13. Qe2 c5 14. dxc5 Nxc5 15.
Bc2 Nd5 16. Bxe7 Nxc3 17. bxc3 Qxe7 18. Bb1 Bd5 19. Nd2 Bc6 20. Rfd1 a5 21. Nb3
e5 22. Nxc5 Qxc5 23. Qd3 g6 24. Qd6 Qxd6 25. Rxd6 Rac8 26. Kf1 Rfd8 27. Rdd1
Kf8 28. f3 Ke7 29. Ke2 Rxd1 30. Kxd1 Rd8+ 31. Kc2 Kd6 32. Rd1+ Kc7 33. Rxd8
Kxd8 34. Kb2 Kc7 35. Bd3 Kb6 36. a3 Kc5 37. e4 g5 38. g4 f6 39. h3 Be8 40. Be2
Bf7 41. Bd3 Bc4 42. Bxc4 Kxc4 43. Kc2 a4 44. Kd2 Kb3 45. Kd3 Kxa3 0-1

[Event "Znojmo op-A"]
[Site "Znojmo"]
[Date "1997.??.??"]
[Round "?"]
[White "Martinec, Karel"]
[Black "Dvorak, Tomas"]
[Result "1/2-1/2"]
[WhiteElo "1960"]
[BlackElo "1925"]
[PlyCount "55"]
[EventDate "1997.??.??"]
[Source "ChessBase"]
[SourceDate "1997.11.17"]

1. d4 d6 2. Nf3 g6 3. e4 Nf6 4. Nc3 Bg7 5. Be2 c6 6. O-O O-O 7. h3 Qc7 8. Bg5
e5 9. Qd2 Nbd7 10. Rad1 Re8 11. dxe5 dxe5 12. Rfe1 Bf8 13. a3 a5 14. Bc4 b5 15.
Bb3 Bc5 16. Be3 Be7 17. Bh6 Nc5 18. Ng5 Nxb3 19. cxb3 b4 20. axb4 Bxb4 21. Qe3
Ba6 22. Rc1 Qa7 23. Qf3 Qe7 24. Red1 Rad8 25. Ne2 Rxd1+ 26. Rxd1 Rd8 27. Rxd8+
Qxd8 28. Ng3 1/2-1/2

[Event "Znojmo op-A"]
[Site "Znojmo"]
[Date "1997.??.??"]
[Round "?"]
[White "Martinec, Karel"]
[Black "Nekula, Richard"]
[Result "1/2-1/2"]
[WhiteElo "1960"]
[BlackElo "2020"]
[PlyCount "71"]
[EventDate "1997.??.??"]
[Source "ChessBase"]
[SourceDate "1997.11.17"]

1. d4 Nf6 2. c4 g6 3. Nf3 Bg7 4. Nc3 O-O 5. e4 d6 6. Be2 Nbd7 7. O-O c5 8. d5
a6 9. a4 Rb8 10. Bg5 h6 11. Bf4 Ng4 12. Qd2 Kh7 13. h3 Nge5 14. Nxe5 Nxe5 15.
Be3 Qa5 16. f4 Nd7 17. h4 Qb4 18. Nd1 Qxd2 19. Bxd2 Nf6 20. Nc3 Bg4 21. Rae1
Bxe2 22. Rxe2 Ng4 23. g3 Bd4+ 24. Kg2 h5 25. Nd1 b5 26. axb5 axb5 27. cxb5 Rxb5
28. Be3 Rfb8 29. Bxd4 cxd4 30. Rf3 Kg7 31. Rd3 Rb4 32. Red2 Nf6 33. Nf2 Rxb2
34. Rxd4 R8b4 35. Rxb2 Rxb2 36. Kf3 1/2-1/2

[Event "Znojmo op-A"]
[Site "Znojmo"]
[Date "1997.??.??"]
[Round "?"]
[White "Masek, Jan"]
[Black "Balsinek, Pavel"]
[Result "1-0"]
[WhiteElo "1940"]
[BlackElo "1885"]
[PlyCount "37"]
[EventDate "1997.??.??"]
[Source "ChessBase"]
[SourceDate "1997.11.17"]

1. e4 c5 2. f4 d5 3. Nc3 dxe4 4. Nxe4 e6 5. Nf3 Nc6 6. Bb5 Bd7 7. O-O Qb6 8. a4
a6 9. Bxc6 Bxc6 10. Qe2 Nf6 11. d3 Be7 12. Ne5 O-O 13. Kh1 Rad8 14. b3 Rfe8 15.
Bb2 Bxe4 16. dxe4 Qb4 17. Nc4 b5 18. c3 Qxb3 19. Na5 1-0

[Event "Znojmo op-A"]
[Site "Znojmo"]
[Date "1997.??.??"]
[Round "?"]
[White "Masek, Jan"]
[Black "Dobes, Oldrich"]
[Result "1-0"]
[WhiteElo "1940"]
[BlackElo "1935"]
[PlyCount "39"]
[EventDate "1997.??.??"]
[Source "ChessBase"]
[SourceDate "1997.11.17"]

1. e4 c5 2. f4 d5 3. exd5 Qxd5 4. Nc3 Qd8 5. Nf3 Nf6 6. Bb5+ Nbd7 7. Qe2 Qc7 8.
O-O a6 9. Bxd7+ Bxd7 10. d3 g6 11. Re1 O-O-O 12. Ne5 Be8 13. f5 gxf5 14. Bf4
Qb6 15. Nc4 Qc6 16. Qe5 Rd6 17. Nxd6+ exd6 18. Qxf6 Rg8 19. Qxf5+ Bd7 20. Re8+
1-0

[Event "Znojmo op-A"]
[Site "Znojmo"]
[Date "1997.??.??"]
[Round "?"]
[White "Masek, Jan"]
[Black "Prenosil, Jiri"]
[Result "0-1"]
[WhiteElo "1940"]
[BlackElo "1945"]
[PlyCount "72"]
[EventDate "1997.??.??"]
[Source "ChessBase"]
[SourceDate "1997.11.17"]

1. e4 e5 2. Nf3 Nf6 3. Nxe5 d6 4. Nf3 Nxe4 5. d4 Be7 6. Bd3 d5 7. O-O O-O 8.
Nbd2 f5 9. Ne5 Nc6 10. Ndf3 Nb4 11. Be2 c5 12. c4 Be6 13. a3 Nc6 14. Nxc6 bxc6
15. Ne5 Qc7 16. Qa4 cxd4 17. f4 d3 18. Nxd3 dxc4 19. Ne5 Bc5+ 20. Kh1 Nf2+ 21.
Kg1 Nd3+ 22. Kh1 Nxe5 23. fxe5 Qxe5 24. Bxc4 Bxc4 25. Qxc4+ Qd5 26. Qc2 Rae8
27. Bf4 Bb6 28. Rac1 Re6 29. Rfd1 Rfe8 30. h3 Qe4 31. Bg3 f4 32. Bf2 Bxf2 33.
Qxf2 Qe3 34. Rc2 Qg3 35. Rcd2 Re1+ 36. Qxe1 Rxe1+ 0-1

[Event "Znojmo op-A"]
[Site "Znojmo"]
[Date "1997.??.??"]
[Round "?"]
[White "Masek, Jan"]
[Black "Vesely, Martin"]
[Result "0-1"]
[WhiteElo "1940"]
[BlackElo "1860"]
[PlyCount "90"]
[EventDate "1997.??.??"]
[Source "ChessBase"]
[SourceDate "1997.11.17"]

1. e4 e5 2. Nf3 Nc6 3. d4 exd4 4. Bc4 Nf6 5. e5 Ne4 6. O-O Be7 7. c3 d5 8. Bb3
dxc3 9. Bxd5 cxb2 10. Bxb2 Nc5 11. Bxc6+ bxc6 12. Nd4 Rb8 13. Qc2 Qd5 14. Nd2
Ba6 15. Rfd1 Nd3 16. N2b3 Nxe5 17. Nf5 Qc4 18. Nxg7+ Kf8 19. Qxc4 Nxc4 20. Ne6+
fxe6 21. Bxh8 e5 22. Rd7 Rc8 23. Re1 Ke8 24. Rd3 Bd6 25. Rg3 Kd7 26. Rg7+ Ke6
27. Rxh7 Kd5 28. Rh5 Re8 29. f4 Bb4 30. Rd1+ Ke4 31. fxe5 Nxe5 32. Bxe5 Rxe5
33. Rxe5+ Kxe5 34. Rc1 c5 35. Nxc5 Bb5 36. Nb3 Ke4 37. Rxc7 Ba5 38. Rg7 Bb6+
39. Kh1 Kd3 40. Rg6 Ke2 41. Rd6 Ba6 42. h4 Bb7 43. h5 Kf2 44. Rf6+ Kg3 45. h6
Bxg2# 0-1

[Event "Znojmo op-A"]
[Site "Znojmo"]
[Date "1997.??.??"]
[Round "?"]
[White "Masek, Jan"]
[Black "Zboril, Tomas"]
[Result "1-0"]
[WhiteElo "1940"]
[BlackElo "1965"]
[PlyCount "101"]
[EventDate "1997.??.??"]
[Source "ChessBase"]
[SourceDate "1997.11.17"]

1. e4 c6 2. d4 d5 3. e5 Bf5 4. f4 e6 5. Nf3 Nd7 6. c3 c5 7. Bd3 Bxd3 8. Qxd3
Ne7 9. O-O g6 10. Be3 Rc8 11. Na3 c4 12. Qe2 Nf5 13. Nc2 h5 14. Bf2 Rb8 15. Ng5
b5 16. a3 a5 17. Be1 Qb6 18. Rf3 Rb7 19. Rh3 Rh6 20. Qd2 Nb8 21. Ne3 Nxe3 22.
Qxe3 Nc6 23. Bh4 b4 24. axb4 axb4 25. Nf3 Ra7 26. Qc1 Rh8 27. Bf6 Rg8 28. f5
gxf5 29. Rxh5 Na5 30. Qb1 bxc3 31. bxc3 Qxb1+ 32. Rxb1 Nb3 33. Rh7 Be7 34. Bxe7
Kxe7 35. Rb2 Ra1+ 36. Kf2 Kf8 37. h4 Rg7 38. Rh8+ Rg8 39. Rh7 Rg7 40. Rh8+ Rg8
41. Rh7 Ke7 42. Ng5 Rf8 43. h5 Nc1 44. Rc2 Nd3+ 45. Kg3 Re1 46. Ra2 Kd7 47. Ra6
Re3+ 48. Kh2 Nf2 49. g3 Ng4+ 50. Kg2 Re2+ 51. Kf1 1-0

[Event "Znojmo op-A"]
[Site "Znojmo"]
[Date "1997.??.??"]
[Round "?"]
[White "Molik, Zdenek"]
[Black "Hadac, Pavel Sr"]
[Result "1/2-1/2"]
[WhiteElo "2075"]
[BlackElo "1920"]
[PlyCount "77"]
[EventDate "1997.??.??"]
[Source "ChessBase"]
[SourceDate "1997.11.17"]

1. e4 c5 2. Nf3 d6 3. Nc3 Nc6 4. Bc4 Nf6 5. O-O g6 6. h3 Bg7 7. d3 O-O 8. Bg5
h6 9. Be3 Na5 10. Bb3 Nxb3 11. axb3 Nd7 12. Nh2 e5 13. f4 exf4 14. Bxf4 Ne5 15.
Kh1 Be6 16. Nf3 g5 17. Nxe5 dxe5 18. Be3 b6 19. Qf3 f5 20. exf5 Rxf5 21. Qc6
Rxf1+ 22. Rxf1 Qc8 23. Qxc8+ Rxc8 24. Ra1 a5 25. Na4 Rc6 26. Rf1 Kh7 27. Kg1
Kg6 28. Kf2 h5 29. Ke2 Bd5 30. Nc3 Bxg2 31. Rg1 Bxh3 32. Rxg5+ Kf7 33. Ne4 Bg4+
34. Kd2 Bh6 35. Rxe5 Bg7 36. Rg5 Rg6 37. c3 Rxg5 38. Bxg5 Ke8 39. Nf6+ 1/2-1/2

[Event "Znojmo op-A"]
[Site "Znojmo"]
[Date "1997.??.??"]
[Round "?"]
[White "Molik, Zdenek"]
[Black "Prenosil, Jiri"]
[Result "1-0"]
[WhiteElo "2075"]
[BlackElo "1945"]
[PlyCount "59"]
[EventDate "1997.??.??"]
[Source "ChessBase"]
[SourceDate "1997.11.17"]

1. e4 e5 2. Nf3 Nf6 3. Nc3 Nc6 4. Bb5 Nd4 5. Bc4 d6 6. d3 Bg4 7. Be3 Nxf3+ 8.
gxf3 Bh5 9. Rg1 Qd7 10. Qe2 a6 11. a4 c6 12. d4 exd4 13. Bxd4 O-O-O 14. O-O-O
Re8 15. Qe3 b5 16. axb5 axb5 17. Bf1 Kb7 18. Rg5 Ra8 19. Bxf6 gxf6 20. Rxh5 Qc7
21. Bxb5 Ra5 22. Qd3 d5 23. Nxd5 cxd5 24. Qxd5+ Kb6 25. Qd4+ Bc5 26. Qxf6+ Kxb5
27. Rxc5+ Kxc5 28. Rd5+ Kb4 29. Qd4+ Qc4 30. Qd2+ 1-0

[Event "Znojmo op-A"]
[Site "Znojmo"]
[Date "1997.??.??"]
[Round "?"]
[White "Mucha, Karel"]
[Black "Dolezal, Jiri"]
[Result "1-0"]
[WhiteElo "1930"]
[BlackElo "1820"]
[PlyCount "95"]
[EventDate "1997.??.??"]
[Source "ChessBase"]
[SourceDate "1997.11.17"]

1. e4 e5 2. Nf3 Nf6 3. Nxe5 d6 4. Nf3 Nxe4 5. d3 Nf6 6. Be2 Be7 7. O-O O-O 8.
Nc3 Bg4 9. Bg5 Nbd7 10. Nd4 Bxe2 11. Qxe2 g6 12. f4 Re8 13. Rae1 Bf8 14. Qf3 c6
15. Ne4 Be7 16. c3 Nxe4 17. Rxe4 d5 18. Rxe7 Rxe7 19. Bxe7 Qxe7 20. f5 Re8 21.
Nc2 Qe2 22. Re1 Qxe1+ 23. Nxe1 Rxe1+ 24. Kf2 Re5 25. g4 Kg7 26. d4 Re7 27. Kf1
h6 28. h4 g5 29. hxg5 hxg5 30. Qg3 Nf6 31. Qd6 Rd7 32. Qe5 a6 33. a4 Rd8 34. a5
Rd7 35. Ke2 Rd8 36. Kd3 Rd7 37. b3 Rd8 38. c4 dxc4+ 39. bxc4 Rd7 40. Kc3 Rd8
41. Qe3 Kf8 42. Kd3 c5 43. d5 Nxd5 44. cxd5 Rxd5+ 45. Kc3 Rd4 46. f6 Rxg4 47.
Qxc5+ Kg8 48. Qc8+ 1-0

[Event "Znojmo op-A"]
[Site "Znojmo"]
[Date "1997.??.??"]
[Round "?"]
[White "Mucha, Karel"]
[Black "Malijevsky, Alexandr"]
[Result "1/2-1/2"]
[WhiteElo "1930"]
[BlackElo "1990"]
[PlyCount "99"]
[EventDate "1997.??.??"]
[Source "ChessBase"]
[SourceDate "1997.11.17"]

1. e4 c5 2. Nc3 Nc6 3. g3 g6 4. Bg2 Bg7 5. d3 e6 6. Be3 d6 7. Qd2 Nf6 8. h3 O-O
9. Nd1 Rb8 10. c3 Qa5 11. Bh6 d5 12. h4 dxe4 13. Bxg7 Kxg7 14. h5 Ne5 15. Bxe4
Nxe4 16. dxe4 Rd8 17. Qg5 Nd3+ 18. Kf1 f6 19. Qh4 g5 20. h6+ Kg8 21. Qh5 Qc7
22. Qf3 Qe7 23. Ne3 b6 24. Qe2 Bb7 25. f3 Rd7 26. Rd1 Rbd8 27. Nh3 Ba6 28. c4
Ne5 29. Rxd7 Qxd7 30. b3 Bb7 31. Nf2 Qd2 32. Neg4 Nxg4 33. Nxg4 Qc3 34. Qe3
Qxe3 35. Nxe3 Rd2 36. Ng4 Kf7 37. Rh2 Rxh2 38. Nxh2 f5 39. e5 Kg6 40. Kf2 Kxh6
41. Nf1 Kg6 42. Nd2 h5 43. Nb1 Kf7 44. Nc3 Bc6 45. Ne2 a6 46. f4 g4 47. Nc3 b5
48. cxb5 axb5 49. a3 Ke7 50. b4 1/2-1/2

[Event "Znojmo op-A"]
[Site "Znojmo"]
[Date "1997.??.??"]
[Round "?"]
[White "Mucha, Karel"]
[Black "Vlacil, Vladimir"]
[Result "1-0"]
[WhiteElo "1930"]
[BlackElo "1985"]
[PlyCount "81"]
[EventDate "1997.??.??"]
[Source "ChessBase"]
[SourceDate "1997.11.17"]

1. e4 Nf6 2. e5 Nd5 3. c4 Nb6 4. d4 d6 5. exd6 cxd6 6. Nc3 Bf5 7. Nf3 e6 8. Be2
Be7 9. O-O O-O 10. Bf4 N8d7 11. Qd2 Nf6 12. Rfd1 Rc8 13. b3 Ne4 14. Nxe4 Bxe4
15. Rac1 Bf6 16. Qe3 Bg6 17. c5 Nd5 18. Qd2 dxc5 19. dxc5 Be7 20. b4 a5 21. a3
axb4 22. axb4 Ra8 23. Bc4 Nxf4 24. Qxf4 Qc8 25. Bb5 Rd8 26. Ne5 Bh5 27. g4 Bg6
28. Nd7 Ra2 29. Qc4 Ra3 30. Rd2 Qc7 31. Rcd1 h6 32. f4 Raa8 33. h3 Kh8 34. Ne5
Rxd2 35. Nxg6+ fxg6 36. Rxd2 Ra1+ 37. Kg2 Bf6 38. Qe4 g5 39. Qxe6 Qxf4 40. Qe8+
Kh7 41. Bd3+ 1-0

[Event "Znojmo op-A"]
[Site "Znojmo"]
[Date "1997.??.??"]
[Round "?"]
[White "Nekula, Richard"]
[Black "Dvorak, Tomas"]
[Result "1-0"]
[WhiteElo "2020"]
[BlackElo "1925"]
[PlyCount "79"]
[EventDate "1997.??.??"]
[Source "ChessBase"]
[SourceDate "1997.11.17"]

1. e4 e5 2. Nf3 Nc6 3. Bc4 Bc5 4. b4 Bxb4 5. c3 Be7 6. O-O Nf6 7. d4 Na5 8.
Bxf7+ Kxf7 9. dxe5 c6 10. exf6 Bxf6 11. e5 Be7 12. Nd4 Rf8 13. Nf5 d5 14. Nxe7
Qxe7 15. Ba3 Qxe5 16. Re1 Qg5 17. Bxf8 Kxf8 18. Qf3+ Bf5 19. Nd2 Qf6 20. Re3
Bg6 21. Qg4 Qd6 22. Rae1 Re8 23. Re6 Rxe6 24. Rxe6 Qc7 25. Re3 Bf7 26. h4 Nc4
27. Nxc4 dxc4 28. h5 h6 29. Qf5 Kg8 30. Qc5 b6 31. Qd4 a5 32. Rg3 Bd5 33. Rg6
b5 34. a3 Qe7 35. Qf4 Kh8 36. Rg3 Qxa3 37. Re3 Qc1+ 38. Kh2 Qc2 39. Re8+ Kh7
40. Qf8 1-0

[Event "Znojmo op-A"]
[Site "Znojmo"]
[Date "1997.??.??"]
[Round "?"]
[White "Nekula, Richard"]
[Black "Talpa, Pavel"]
[Result "0-1"]
[WhiteElo "2020"]
[BlackElo "1825"]
[PlyCount "80"]
[EventDate "1997.??.??"]
[Source "ChessBase"]
[SourceDate "1997.11.17"]

1. e4 d5 2. exd5 Qxd5 3. Nf3 Nf6 4. Nc3 Qd8 5. Be2 Nc6 6. O-O Bf5 7. d4 e6 8.
a3 Be7 9. h3 O-O 10. Bf4 Bd6 11. Bg5 h6 12. Be3 Nd5 13. Nxd5 exd5 14. Bd3 Qf6
15. Bxf5 Qxf5 16. Re1 Rfe8 17. c4 dxc4 18. Rc1 Na5 19. Nh4 Qd7 20. Qh5 Nb3 21.
Nf5 Re6 22. Qg4 Bf8 23. Nxh6+ Kh7 24. d5 Qxd5 25. Rcd1 Qe4 26. Nxf7 Qxg4 27.
hxg4 Rc6 28. Rd7 Nc5 29. Ng5+ Kg8 30. Bxc5 Bxc5 31. Kf1 Rh6 32. Re6 Bd6 33.
Rxh6 gxh6 34. Nf7 Bf4 35. Nd8 b5 36. Ne6 Be5 37. f4 Bxb2 38. Rxc7 Bxa3 39. f5
Bb2 40. Nf4 Be5 0-1

[Event "Znojmo op-A"]
[Site "Znojmo"]
[Date "1997.??.??"]
[Round "?"]
[White "Nekula, Richard"]
[Black "Zeman, Jiri"]
[Result "1/2-1/2"]
[WhiteElo "2020"]
[BlackElo "1875"]
[PlyCount "72"]
[EventDate "1997.??.??"]
[Source "ChessBase"]
[SourceDate "1997.11.17"]

1. e4 e6 2. Nf3 d5 3. exd5 exd5 4. d4 Nf6 5. Bd3 Bg4 6. O-O Be7 7. Re1 O-O 8.
h3 Bh5 9. Bg5 Nc6 10. c3 Nd7 11. Bxe7 Nxe7 12. Nbd2 Bg6 13. Nf1 Bxd3 14. Qxd3
Ng6 15. Ng3 Re8 16. Qf5 Nb6 17. Rxe8+ Qxe8 18. Re1 Qd7 19. Qxd7 Nxd7 20. Nf5
Kf8 21. g3 Nf6 22. Nd2 Re8 23. Rxe8+ Nxe8 24. Kf1 Ne7 25. Nxe7 Kxe7 26. Ke2 Nd6
27. Kd3 Ke6 28. b3 f5 29. Ke3 Ne4 30. Nxe4 fxe4 31. Kf4 Kf6 32. h4 g6 33. g4 h6
34. a4 g5+ 35. hxg5+ hxg5+ 36. Ke3 Ke6 1/2-1/2

[Event "Znojmo op-A"]
[Site "Znojmo"]
[Date "1997.??.??"]
[Round "?"]
[White "Obrdlik, Rostislav"]
[Black "Tomes, Pavel"]
[Result "1/2-1/2"]
[WhiteElo "1970"]
[BlackElo "1920"]
[PlyCount "23"]
[EventDate "1997.??.??"]
[Source "ChessBase"]
[SourceDate "1997.11.17"]

1. e4 c5 2. Nf3 d6 3. d4 cxd4 4. Qxd4 Nc6 5. Bb5 Bd7 6. Bxc6 Bxc6 7. Nc3 e6 8.
Bg5 Nf6 9. O-O-O Be7 10. Rhe1 Qa5 11. Kb1 O-O 12. Qd2 1/2-1/2

[Event "Znojmo op-A"]
[Site "Znojmo"]
[Date "1997.??.??"]
[Round "?"]
[White "Petlak, Josef"]
[Black "Lukes, Ladislav"]
[Result "0-1"]
[WhiteElo "2095"]
[BlackElo "2185"]
[PlyCount "44"]
[EventDate "1997.??.??"]
[Source "ChessBase"]
[SourceDate "1997.11.17"]

1. Nf3 Nf6 2. g3 d5 3. Bg2 c5 4. O-O Nc6 5. d4 cxd4 6. Nxd4 e6 7. b3 Qb6 8. e3
Bd6 9. Bb2 e5 10. Nxc6 bxc6 11. c4 Ba6 12. Nc3 Qc7 13. Na4 dxc4 14. Qe2 O-O 15.
bxc4 Rab8 16. Qc2 Rb4 17. c5 Bxf1 18. cxd6 Qa5 19. Bxc6 Rc4 20. Bc3 Qa6 21. Nb2
Qxc6 22. Nxc4 Qg2# 0-1

[Event "Znojmo op-A"]
[Site "Znojmo"]
[Date "1997.??.??"]
[Round "?"]
[White "Petlak, Josef"]
[Black "Masek, Jan"]
[Result "1-0"]
[WhiteElo "2095"]
[BlackElo "1940"]
[PlyCount "121"]
[EventDate "1997.??.??"]
[Source "ChessBase"]
[SourceDate "1997.11.17"]

1. e4 e5 2. Nf3 Nc6 3. Bb5 a6 4. Ba4 Nf6 5. Qe2 d6 6. c3 Be7 7. d3 O-O 8. Nbd2
Re8 9. Nf1 b5 10. Bb3 Na5 11. Bc2 c5 12. Ng3 Nc6 13. a4 Bd7 14. Bd2 Qb6 15.
axb5 axb5 16. O-O Qb7 17. Rfb1 Rxa1 18. Rxa1 Ra8 19. Qd1 Rxa1 20. Qxa1 Qa7 21.
Qxa7 Nxa7 22. Bb3 Nc6 23. Ng5 Nd8 24. f4 exf4 25. Bxf4 Ng4 26. Nf3 Ne6 27. Bd2
Ne5 28. Nxe5 dxe5 29. Nf5 Bf8 30. g3 c4 31. dxc4 Nc5 32. Bc2 bxc4 33. Ne3 Be6
34. Kg2 g6 35. Kf3 Bh6 36. Nxc4 Bxc4 37. Bxh6 Nd3 38. Bxd3 Bxd3 39. b3 f5 40.
exf5 gxf5 41. Ke3 Ba6 42. g4 fxg4 43. Ke4 Kf7 44. Kxe5 Ke7 45. c4 Bb7 46. b4
Kd7 47. b5 Bf3 48. Kd4 Be2 49. Kc5 Kc7 50. Kb4 Kb6 51. c5+ Kc7 52. c6 Kb6 53.
Be3+ Kc7 54. Kc5 Kc8 55. b6 Ba6 56. Bf4 h5 57. Bg3 h4 58. Bxh4 Kb8 59. Bg3+ Ka8
60. Kd6 Bb5 61. b7+ 1-0

[Event "Znojmo op-A"]
[Site "Znojmo"]
[Date "1997.??.??"]
[Round "?"]
[White "Petlak, Josef"]
[Black "Skaroupka, Jiri"]
[Result "1-0"]
[WhiteElo "2095"]
[BlackElo "2105"]
[PlyCount "61"]
[EventDate "1997.??.??"]
[Source "ChessBase"]
[SourceDate "1997.11.17"]

1. d4 Nf6 2. Bg5 d5 3. e3 Ne4 4. Bh4 g5 5. Bg3 Nxg3 6. hxg3 Bg7 7. Bd3 h6 8.
Nd2 c5 9. c3 Qb6 10. Rb1 Nc6 11. dxc5 Qxc5 12. Nb3 Qd6 13. Ne2 e5 14. e4 Be6
15. exd5 Bxd5 16. Be4 Rd8 17. Qxd5 Qxd5 18. Bxd5 Rxd5 19. g4 O-O 20. Ng3 Ne7
21. Ke2 Ng6 22. Rhd1 Nf4+ 23. Kf3 e4+ 24. Kxe4 Re5+ 25. Kf3 f5 26. Nxf5 h5 27.
Nbd4 Ne6 28. Kg3 Re4 29. f3 Be5+ 30. Kf2 Bxd4+ 31. cxd4 1-0

[Event "Znojmo op-A"]
[Site "Znojmo"]
[Date "1997.??.??"]
[Round "?"]
[White "Petlak, Josef"]
[Black "Tomes, Zdenek"]
[Result "0-1"]
[WhiteElo "2095"]
[BlackElo "1890"]
[PlyCount "74"]
[EventDate "1997.??.??"]
[Source "ChessBase"]
[SourceDate "1997.11.17"]

1. e4 c5 2. Nf3 d6 3. d4 cxd4 4. Nxd4 Nf6 5. Nc3 g6 6. g3 Bg7 7. Bg2 O-O 8. O-O
a6 9. h3 Qc7 10. Nce2 Nc6 11. c3 Rb8 12. Be3 Ne5 13. b3 b5 14. f4 Ned7 15. a4
e5 16. Nc2 Nc5 17. axb5 Rxb5 18. Na3 Rxb3 19. Nc4 Rd8 20. Kh2 Be6 21. Nd2 Rb2
22. f5 gxf5 23. exf5 Bd5 24. Nf3 Bc4 25. Nd2 Bd3 26. g4 e4 27. c4 d5+ 28. Bf4
Qd7 29. g5 Nh5 30. f6 Bf8 31. Ng3 Bxf1 32. Qxh5 Bxg2 33. Kxg2 Nd3 34. Qh4 Nxf4+
35. Qxf4 dxc4 36. Ngxe4 c3 37. Nxc3 Rxd2+ 0-1

[Event "Znojmo op-A"]
[Site "Znojmo"]
[Date "1997.??.??"]
[Round "?"]
[White "Petlak, Josef"]
[Black "Zeman, Jiri"]
[Result "1-0"]
[WhiteElo "2095"]
[BlackElo "1875"]
[PlyCount "61"]
[EventDate "1997.??.??"]
[Source "ChessBase"]
[SourceDate "1997.11.17"]

1. e4 e6 2. d4 d5 3. exd5 Qxd5 4. Nf3 Nf6 5. Be2 Bb4+ 6. c3 Be7 7. O-O O-O 8.
Ne5 c5 9. Bf3 Qd8 10. dxc5 Bxc5 11. Bg5 Be7 12. Nd2 Nd5 13. Bxe7 Nxe7 14. Qc2
Nbc6 15. Ndc4 Nxe5 16. Nxe5 Qc7 17. Rfe1 Nc6 18. Bxc6 bxc6 19. c4 c5 20. Re4
Bb7 21. Rh4 g6 22. Qc3 Qe7 23. Qh3 Qg5 24. f4 Qf5 25. Rxh7 Qxh3 26. Rxh3 Rfd8
27. Rd3 f6 28. Nd7 Be4 29. Nxf6+ Kf7 30. Rxd8 Kxf6 31. Rxa8 1-0

[Event "Znojmo op-A"]
[Site "Znojmo"]
[Date "1997.??.??"]
[Round "?"]
[White "Prenosil, Jiri"]
[Black "Jurica, Peter"]
[Result "0-1"]
[WhiteElo "1945"]
[BlackElo "2155"]
[PlyCount "76"]
[EventDate "1997.??.??"]
[Source "ChessBase"]
[SourceDate "1997.11.17"]

1. Nf3 f5 2. e4 fxe4 3. Ng5 Nf6 4. d3 d5 5. dxe4 h6 6. e5 hxg5 7. exf6 exf6 8.
Bd3 Bd6 9. Bg6+ Kf8 10. Nc3 c6 11. Qd3 Nd7 12. Qe2 Ne5 13. Bd3 Qe7 14. Be3 Bg4
15. f3 Nxd3+ 16. cxd3 Bf5 17. g4 Re8 18. Kd2 Bg6 19. Rae1 Qc7 20. Qf2 Rxe3 21.
Rxe3 d4 22. Re2 dxc3+ 23. bxc3 Qa5 24. Qd4 Bf4+ 25. Kd1 Qd5 26. Qxd5 cxd5 27.
Kc2 Rh3 28. Rf2 Be3 29. Re2 Rxf3 30. Kb3 Bxd3 31. Rb2 Bc4+ 32. Kb4 b6 33. h4
Bc5+ 34. Ka4 Rxc3 35. Rb3 b5+ 36. Ka5 Bb6+ 37. Kb4 Rc2 38. a4 Bc5+ 0-1

[Event "Znojmo op-A"]
[Site "Znojmo"]
[Date "1997.??.??"]
[Round "?"]
[White "Prenosil, Jiri"]
[Black "Lukes, Ladislav"]
[Result "1-0"]
[WhiteElo "1945"]
[BlackElo "2185"]
[PlyCount "145"]
[EventDate "1997.??.??"]
[Source "ChessBase"]
[SourceDate "1997.11.17"]

1. Nf3 Nf6 2. g3 d5 3. c4 d4 4. Bg2 c5 5. Ne5 Qc7 6. f4 Nfd7 7. Qa4 g6 8. Na3
Bg7 9. Nb5 Qb6 10. d3 O-O 11. Bd2 a5 12. Ng4 Nf6 13. Nxf6+ Bxf6 14. Qc2 Bd7 15.
a4 Bc6 16. Bf3 Nd7 17. O-O Bg7 18. e4 dxe3 19. Bxe3 Bxf3 20. Rxf3 Qc6 21. Raf1
e6 22. d4 Nf6 23. h3 Rfd8 24. b3 Qe4 25. Qxe4 Nxe4 26. dxc5 Rd3 27. Nd6 Nxd6
28. cxd6 Rxd6 29. Bc5 Bd4+ 30. Bxd4 Rxd4 31. Rc3 Rc8 32. Rff3 Rcd8 33. Kg2 h5
34. Rf2 Kg7 35. Re2 Rd2 36. Kf2 Kf6 37. Rxd2 Rxd2+ 38. Ke3 Rd6 39. Ke4 Ke7 40.
c5 Rc6 41. Kd4 Kf6 42. Kc4 Kf5 43. h4 Ke4 44. Kb5 f6 45. Kxa5 e5 46. Kb4 Kd4
47. fxe5 fxe5 48. Rc1 e4 49. Rd1+ Ke5 50. Kc4 e3 51. Kd3 Rxc5 52. Re1 Rd5+ 53.
Kxe3 Kf5 54. Kf3 Rd3+ 55. Re3 Rd2 56. Rc3 b6 57. Ke3 Rd6 58. Rc4 Re6+ 59. Kf2
g5 60. hxg5 Kxg5 61. Kf3 Kf5 62. Rf4+ Kg5 63. Rb4 Rd6 64. Rb5+ Kg6 65. Kg2 Kh6
66. Kh3 Kg6 67. Re5 Rc6 68. Re8 Rd6 69. Ra8 Kg5 70. Ra6 Kf5 71. a5 Rd5 72. b4
bxa5 73. Rxa5 1-0